000 00283nam a22001097a 4500
008 170112b xxu||||| |||| 00| 0 eng d
020 _a9781416000518
041 _aeng
080 _a618.2
245 _aESSENTIALS OF PSYCHIATRIC MENTAL HEALTH NURSING
_cVARCAROLIS, E.M
942 _2udc
_cBK
999 _c2803
_d2803